MARC

LEADER 00000n m0a2200000 4500
001 317468
005 20231102002958.0
020 |a RU  |b 82-35568 
035 |a (RuTPU)RU\TPU\book\342936 
090 |a 317468 
100 |a 20160408d1982 m y0rusy5003 ca 
101 0 |a rus 
102 |a RU 
105 |a a j 001zy 
200 1 |a Регенерация газов  |e учебное пособие  |f В. Г. Бакланова  |g Московское высшее техническое училище им. Н. Э. Баумана (МВТУ) ; под ред. С. Д. Глухова 
210 |a Москва  |c Изд-во МВТУ  |d 1982 
215 |a 60 с.  |c ил. 
320 |a Библиогр.: с. 59 
606 1 |a Газы  |x Регенерация  |2 stltpush  |3 (RuTPU)RU\TPU\subj\31689  |9 54478 
610 1 |a учебные пособия 
610 1 |a массообмен 
610 1 |a теория 
610 1 |a физические модели 
610 1 |a массопередача 
610 1 |a уравнения 
610 1 |a абсорбция 
610 1 |a движущие силы 
610 1 |a адсорбция 
610 1 |a равновесие 
610 1 |a газовые смеси 
610 1 |a разделение 
675 |a 66.071.6(075.8)  |z rus  |v 3 
700 1 |a Бакланова  |b В. Г.  |g Валентина Григорьевна  |4 070 
702 1 |a Глухов  |b С. Д.  |4 340 
712 0 2 |a Московское высшее техническое училище им. Н. Э. Баумана (МВТУ)  |c (1943-1989)  |2 stltpush  |3 (RuTPU)RU\TPU\col\3064 
801 0 |a RU  |b RuMRKP  |c 19950704  |g psbo 
801 1 |a RU  |b 63413507  |c 20160408 
801 2 |a RU  |b 63413507  |c 20191224  |g RCR 
942 |c BK